| 000 | 00536nam a22001697a 4500 | ||
|---|---|---|---|
| 005 | 20241215151426.0 | ||
| 008 | 241215b |||||||| |||| 00| 0 eng d | ||
| 020 | _a9781416025863 | ||
| 050 |
_aQP34.5 _b.A67 |
||
| 100 | _aApplegate, Edith | ||
| 245 |
_aThe Anatomy and Physiology Learning System/ _cEdith Applegate, illustrated by Pat Thomas |
||
| 250 | _a3rd ed. | ||
| 260 |
_aPhiladelphia _bSaunders/ Elsevier _c2006 |
||
| 300 |
_axxi.473p. _bill. some color _c27.5cm _eCD-ROM |
||
| 500 | _aincludes index | ||
| 942 |
_2lcc _cBK _e3rd ed. _n0 |
||
| 999 |
_c2282 _d2282 |
||